<?xml version="1.0" encoding="UTF-8"?>
<record
    xmlns:xsi="http://www.w3.org/2001/XMLSchema-instance"
    xsi:schemaLocation="http://www.loc.gov/MARC21/slim http://www.loc.gov/standards/marcxml/schema/MARC21slim.xsd"
    xmlns="http://www.loc.gov/MARC21/slim">

  <leader>00648ntaaa2200193   4500</leader>
  <controlfield tag="003">01</controlfield>
  <controlfield tag="005">20251027202207.0</controlfield>
  <controlfield tag="008">0714s1973  ag    01 </controlfield>
  <datafield tag="040" ind1=" " ind2=" ">
    <subfield code="a">AR-BaBN</subfield>
    <subfield code="b">spa</subfield>
    <subfield code="c">AR-BaBN</subfield>
    <subfield code="e">aacr</subfield>
    <subfield code="d">RIC</subfield>
  </datafield>
  <datafield tag="082" ind1=" " ind2=" ">
    <subfield code="a">267.42 C74</subfield>
  </datafield>
  <datafield tag="110" ind1=" " ind2=" ">
    <subfield code="a">Convenci&#xF3;n Femenil Bautista Argentina </subfield>
    <subfield code="b">Secretar&#xED;a Nacional de las Organizaciones Juveniles </subfield>
    <subfield code="9">20516</subfield>
  </datafield>
  <datafield tag="245" ind1=" " ind2=" ">
    <subfield code="a">Carpeta para consejeras de rayitos de sol / </subfield>
    <subfield code="c">Convenci&#xF3;n Femenil Bautista Argentina</subfield>
  </datafield>
  <datafield tag="260" ind1=" " ind2=" ">
    <subfield code="a">[S.l.] : </subfield>
    <subfield code="b">[El autor], </subfield>
    <subfield code="c">1960</subfield>
  </datafield>
  <datafield tag="300" ind1=" " ind2=" ">
    <subfield code="a">94 p. ; </subfield>
    <subfield code="c">25 cm.</subfield>
  </datafield>
  <datafield tag="500" ind1=" " ind2=" ">
    <subfield code="a">Incluye bibliograf&#xED;a al final de la obra</subfield>
  </datafield>
  <datafield tag="521" ind1=" " ind2=" ">
    <subfield code="a">INICIAL</subfield>
  </datafield>
  <datafield tag="650" ind1=" " ind2=" ">
    <subfield code="a">Educacion cristiana</subfield>
    <subfield code="9">405</subfield>
  </datafield>
  <datafield tag="942" ind1=" " ind2=" ">
    <subfield code="c">BK</subfield>
  </datafield>
  <datafield tag="999" ind1=" " ind2=" ">
    <subfield code="c">16867</subfield>
    <subfield code="d">16867</subfield>
  </datafield>
  <datafield tag="952" ind1=" " ind2=" ">
    <subfield code="0">0</subfield>
    <subfield code="1">0</subfield>
    <subfield code="4">0</subfield>
    <subfield code="7">0</subfield>
    <subfield code="a">BP</subfield>
    <subfield code="b">BP</subfield>
    <subfield code="d">2025-10-27</subfield>
    <subfield code="i">011350</subfield>
    <subfield code="l">0</subfield>
    <subfield code="o">267.42 C74</subfield>
    <subfield code="p">011350</subfield>
    <subfield code="r">2025-10-27 20:22:07</subfield>
    <subfield code="w">2025-10-27</subfield>
    <subfield code="y">BK</subfield>
  </datafield>
  <datafield tag="952" ind1=" " ind2=" ">
    <subfield code="0">0</subfield>
    <subfield code="1">0</subfield>
    <subfield code="4">0</subfield>
    <subfield code="7">0</subfield>
    <subfield code="a">BP</subfield>
    <subfield code="b">BP</subfield>
    <subfield code="d">2025-10-27</subfield>
    <subfield code="i">011351</subfield>
    <subfield code="l">0</subfield>
    <subfield code="o">267.42 C74</subfield>
    <subfield code="p">011351</subfield>
    <subfield code="r">2025-10-27 20:22:07</subfield>
    <subfield code="w">2025-10-27</subfield>
    <subfield code="y">BK</subfield>
  </datafield>
  <datafield tag="952" ind1=" " ind2=" ">
    <subfield code="0">0</subfield>
    <subfield code="1">0</subfield>
    <subfield code="4">0</subfield>
    <subfield code="7">0</subfield>
    <subfield code="a">BP</subfield>
    <subfield code="b">BP</subfield>
    <subfield code="d">2025-10-27</subfield>
    <subfield code="i">013839</subfield>
    <subfield code="l">0</subfield>
    <subfield code="o">267.42 C74</subfield>
    <subfield code="p">013839</subfield>
    <subfield code="r">2025-10-27 20:22:07</subfield>
    <subfield code="w">2025-10-27</subfield>
    <subfield code="y">BK</subfield>
  </datafield>
  <datafield tag="952" ind1=" " ind2=" ">
    <subfield code="0">0</subfield>
    <subfield code="1">0</subfield>
    <subfield code="4">0</subfield>
    <subfield code="7">0</subfield>
    <subfield code="a">BP</subfield>
    <subfield code="b">BP</subfield>
    <subfield code="d">2025-10-27</subfield>
    <subfield code="i">019335</subfield>
    <subfield code="l">0</subfield>
    <subfield code="o">267.42 C74</subfield>
    <subfield code="p">019335</subfield>
    <subfield code="r">2025-10-27 20:22:07</subfield>
    <subfield code="w">2025-10-27</subfield>
    <subfield code="y">BK</subfield>
  </datafield>
</record>
